List of Films That Most Frequently Use the F Word - Statistics

General Stats
  • This quiz has been taken 58 times
  • The average score is 15 of 100
Answer Stats
Uses Title % Correct
265 Pulp Fiction
81%
300 GoodFellas
74%
422 Casino
60%
269 Reservoir Dogs
56%
569 The Wolf of Wall Street
51%
207 Scarface
49%
237 The Departed
40%
176 Superbad
28%
857 Fuck
26%
281 The Big Lebowski
26%
200 8 Mile
21%
240 Do the Right Thing
21%
560 Uncut Gems
21%
200 22 Jump Street
19%
367 Alpha Dog
19%
173 Bad Santa
19%
280 Dirty
19%
392 Straight Outta Compton
19%
435 Summer of Sam
19%
200 This is the End
19%
234 True Romance
19%
214 American History X
16%
196 Born on the Fourth of July
16%
190 Magnolia
16%
428 Nil by Mouth
16%
935 Swearnet: The Movie
16%
355 The Outpost
16%
318 Twin Town
16%
200 A Bronx Tale
14%
234 Black Mass
14%
326 End of Watch
14%
231 Goon
14%
278 Jarhead
14%
175 Pineapple Express
14%
315 Running Scared
14%
203 Spun
14%
185 The Wall
14%
218 30 Minutes or Less
12%
274 Bully
12%
276 Cherry
12%
172 Donnie Brasco
12%
223 Eddie Murphy Raw
12%
236 Empire
12%
212 Hot Tub Time Machine
12%
230 Infamous
12%
248 Jay and Silent Bob Strike Back
12%
291 Made
12%
300 Menace II Society
12%
187 Monster
12%
210 Monument Ave
12%
297 Narc
12%
193 Next Day Air
12%
320 One Day Removals
12%
218 Red Rocket
12%
196 Sabotage
12%
230 State of Grace
12%
271 State Property 2
12%
313 Sweet Sixteen
12%
213 The Original Kings of Comedy
12%
286 Wheelman
12%
219 Zack and Miri Make a Porno
12%
210 All Eyez on Me
9%
291 Another Day in Paradise
9%
180 Bad Santa 2
9%
186 Belly
9%
215 Black and White
9%
270 Brooklyn's Finest
9%
185 Clockers
9%
178 Flawless
9%
240 Free Fire
9%
185 Get Rich or Die Tryin'
9%
227 Gridlock'd
9%
296 Harsh Times
9%
186 Hustle & Flow
9%
197 I Got the Hook Up
9%
193 Killing Them Softly
9%
210 Layer Cake
9%
289 Malcolm & Marie
9%
230 My Name is Joe
9%
191 Overnight
9%
291 Pride and Glory
9%
175 Project X
9%
285 Rise of the Footsoldier
9%
200 Skin
9%
176 Slam
9%
281 Small Engine Repair
9%
222 Suicide Kings
9%
190 Ten Benny
9%
239 The Boondock Saints
9%
224 The Devil's Rejects
9%
173 Tigerland
9%
170 Backstage
7%
174 Human Traffic
7%
171 Mid90s
7%
175 Poetic Justice
7%
177 Silk Road
7%
171 Coffee & Kareem
5%
200 Dysfunctional Family
2%
180 Formula 51
2%
311 Runteldat
2%
No matching quizzes found
Score Distribution
Percent of People with Each Score
Percentile by Number Answered
Your Score History
You have not taken this quiz